NŠC revue odborný časopis Národného športového centra

Bibliographic Details
Format: Journal
Language:Slovak
Czech
English
French
PhysicalDescription:3 zv. 30 cm
Published: Bratislava Národné športové centrum 2005-2007
ISSN:1336-9903
Subjects:
Online Access:http://www.sportcenter.sk

MARC

LEADER 00000cas a2200000 a 4500
001 vtls008885159
003 SK-MaSNL
005 20260228161442.0
008 060927d20052007xo tr|p r 0 b0slo
022 |a 1336-9903 
035 |a (SVKBB03)vtls000248718 
040 |a SVKBB  |b slo  |c SVKBB  |d SAVUK  |d SNK  |e AACR2 
041 1 |a slo  |a cze  |a eng  |a fre 
044 |a xo  |c SK 
072 7 |a 796  |x Šport. Hry. Telesné cvičenia  |2 konspekt 
080 |a 796/799  |2 2011 
080 |a 725  |2 2011 
080 |a 050  |2 2001 
080 |a 796/799(051)  |2 2011 
210 0 |a NŠC rev. 
222 0 |a NŠC revue 
245 0 0 |a NŠC revue  |b odborný časopis Národného športového centra 
246 1 3 |a Národné športové centrum revue 
260 |a Bratislava  |b Národné športové centrum  |c 2005-2007 
300 |a 3 zv.  |c 30 cm 
310 |a 3x ročne  |b 2007 
321 |a 2x ročne  |b 2005-2006 
362 0 |a a Roč. I, č. 1 (2005)-roč. III, č. 3 (2007) 
500 |a Internetová stránka poskytuje úplné verzie článkov 
500 |a Registračné č.: MK SR 3602/2006 
525 |a Od č. 2 (2005)-č. 2 (2007) je súčasťou časopisu jazyková príloha 
546 |a Text aj v češ., angl., franc. 
650 0 7 |a šport  |2 SNKPH  |9 1042 
650 0 7 |a športové zariadenia  |2 SNKPH  |9 59961 
655 7 |a športové časopisy  |2 SNKPH  |9 145628 
856 4 1 |u http://www.sportcenter.sk 
910 |a savuk 
910 |a snk 
999 |c 5396  |d 7326 
952 |0 0  |1 0  |4 0  |7 0  |8 0  |a SNK  |b SNK  |d 2019-07-30  |i snk2019/19602  |l 0  |o snkČSB 7208/2/2006  |p 17A1369715  |r 2026-02-21 22:21:59  |t č. 1-2  |w 2026-02-21  |y PREZ 
952 |0 0  |1 0  |4 0  |7 0  |8 0  |a SNK  |b SNK  |d 2019-07-30  |i snk2019/19603  |l 0  |o snkČSB 7208/2/2006 D1  |p 17A1369714  |r 2026-02-21 22:22:01  |t č. 1-2  |w 2026-02-21  |y PREZ 
952 |0 0  |1 0  |4 0  |7 0  |8 0  |a SNK  |b SNK  |d 2019-07-30  |i snk2019/19604  |l 0  |o snkČSB 7208/3/2007  |p 17A1369713  |r 2026-02-21 22:22:01  |t č. 1-3  |w 2026-02-21  |y PREZ 
952 |0 0  |1 0  |4 0  |7 0  |8 0  |a SNK  |b SNK  |d 2019-07-30  |i snk2019/19605  |l 0  |o snkČSB 7208/3/2007 D1  |p 17A1369712  |r 2026-02-21 22:22:01  |t č. 1-3  |w 2026-02-21  |y PREZ